| 000 | 00780nam a2200265 a 4500 | ||
|---|---|---|---|
| 999 |
_c1427 _d1427 |
||
| 007 | ta | ||
| 008 | 200101r20062010ii a|||g |||| 001 0 eng d | ||
| 020 |
_a9788131806999 _cRs. 280.00 |
||
| 040 |
_aKO _beng |
||
| 041 | 0 | _aeng | |
| 044 | _aii | ||
| 082 | 0 | 4 |
_223 _a670 _bK48 |
| 100 | 1 | _aKesavan, R. | |
| 245 | 1 | 0 |
_aManufacturing Technology - II / _cR. Kesavan and B. Vijaya Ramnath |
| 260 |
_aNew Delhi : _bUniversity Science Press, _c2006, reprinted 2010. |
||
| 300 |
_avarious pagination : _bill. ; _c24 cm |
||
| 504 | _aIncludes Index. | ||
| 650 | 0 |
_aManufacturing processes _vTextbooks |
|
| 650 | 0 |
_aMetal-cutting _vTextbooks |
|
| 650 | 0 |
_aLathes _xMaintenance and repair _vTextbooks |
|
| 700 |
_aRamnath, B. Vijaya _eaut |
||
| 904 | _aA_BOSE | ||
| 942 | _cBK | ||